| 000 | 01662nam a2200493 i 4500 | ||
|---|---|---|---|
| 001 | 72 | ||
| 003 | KOSZ 005 | ||
| 005 | 20220323134721.0 | ||
| 008 | 191023s1976 pl a f 000 0 pol | ||
| 015 | _aPB 1976/4105 | ||
| 035 | _a991023481369705066 | ||
| 035 | _a(PL-WaBN)b16434043-48omnis_nlop | ||
| 035 | _ab16434043 | ||
| 035 | _a(OCoLC)830583574 | ||
| 035 | _a(PL)b0000001643404 | ||
| 035 | _a(EXLNZ-48OMNIS_NETWORK)9910243599105606 | ||
| 040 |
_aWA N _cWA N _dKOSZ 005/RW _dKOSZ 005/HR |
||
| 046 | _k1976 | ||
| 080 | _a69 | ||
| 080 | _a624 | ||
| 100 | 1 |
_aPawłowski, Paweł _c(budownictwo) _eAutor |
|
| 245 | 1 | 0 |
_aBudownictwo ogólne. _nT. 2 / _cPaweł Pawłowski. |
| 250 | _aWydanie 4. | ||
| 260 |
_aWarszawa : _bPaństwowe Wydawnictwo Naukowe, _c1976. |
||
| 300 |
_a327, [1] stron : _bilustracje, tablice, wykresy ; _c24 cm. |
||
| 336 |
_aTekst _btxt _2rdacontent |
||
| 337 |
_aBez urządzenia pośredniczącego _bn _2rdamedia |
||
| 338 |
_aWolumin _bnc _2rdacarrier |
||
| 380 | _aKsiążki | ||
| 380 | _aPublikacje dydaktyczne | ||
| 388 | _a1901-2000 | ||
| 504 | _aBibliografia na stronie [328]. | ||
| 521 | _aSkrypt dla studentów wyższych szkół technicznych. | ||
| 650 | 7 |
_aBudownictwo _2DBN |
|
| 650 | 7 | _aHydroizolacje | |
| 650 | 7 | _aRusztowania | |
| 650 | 7 | _aOchrona i konserwacja | |
| 655 | 7 |
_aPodręczniki akademickie _2DBN |
|
| 658 | _aArchitektura i budownictwo | ||
| 710 | 2 |
_aPaństwowe Wydawnictwo Naukowe _4pbl |
|
| 856 |
_uhttp://koha.tu.koszalin.pl/cgi-bin/koha/opac-detail.pl?biblionumber=72 _yKatalog online BPK |
||
| 942 |
_2UKD _cKS |
||
| 999 |
_c72 _d72 |
||